Mukhsin (Record no. 165639)

MARC details
000 -LEADER
fixed length control field 00576nam a2200217 i 4500
001 - CONTROL NUMBER
control field C2-0292316
003 - CONTROL NUMBER IDENTIFIER
control field PPAK
005 - DATE AND TIME OF LATEST TRANSACTION
control field 20180729000750.0
008 - FIXED-LENGTH DATA ELEMENTS--GENERAL INFORMATION
fixed length control field 081222s2007 my |||| ||||| | may d
040 ## - CATALOGING SOURCE
Original cataloging agency PPAK
Language of cataloging eng
Transcribing agency PPAK
Description conventions rda
245 10 - TITLE STATEMENT
Title Mukhsin
264 #1 - PRODUCTION, PUBLICATION, DISTRIBUTION, MANUFACTURE, AND COPYRIGHT NOTICE
Place of production, publication, distribution, manufacture Kuala Lumpur :
Name of producer, publisher, distributor, manufacturer Dragon Jester Entertainment ,
Date of production, publication, distribution, manufacture, or copyright notice 2007
336 ## - CONTENT TYPE
Source rdacontent
Content type term text
337 ## - MEDIA TYPE
Source rdamedia
Media type term unmediated
338 ## - CARRIER TYPE
Source rdacarrier
Carrier type term volume
500 ## - GENERAL NOTE
General note VCD 2830/08
700 ## - ADDED ENTRY--PERSONAL NAME
Relator term author
Personal name Yasmin Ahmad,
Relator term compile
Personal name Affandi Jamaluddin,
Relator term editor
942 ## - ADDED ENTRY ELEMENTS (KOHA)
Source of classification or shelving scheme Dewey Decimal Classification
Koha item type Video Compact Disc
Holdings
Withdrawn status Lost status Source of classification or shelving scheme Damaged status Not for loan Home library Current library Shelving location Date acquired Source of acquisition Cost, normal purchase price Inventory number Total Checkouts Full call number Barcode Date last seen Cost, replacement price Price effective from Koha item type
    Dewey Decimal Classification     Perpustakaan Alor Setar Perpustakaan Alor Setar Pinjaman Dewasa 12/01/2009 ADAM 16.77 2008   791.43 MUK A00802828 05/07/2018 16.80 05/07/2018 Video Compact Disc
    Dewey Decimal Classification   Not For Loan Perpustakaan Awam Sungai Petani Perpustakaan Awam Sungai Petani Rujukan Dewasa 12/01/2009 ADAM 16.77 2008   R 791.43 MUK A00802829 05/07/2018 16.80 05/07/2018 Video Compact Disc
    Dewey Decimal Classification   Not For Loan Perpustakaan Kulim Perpustakaan Kulim Rujukan Dewasa 12/01/2009 ADAM 16.77 2008   R 791.43 MUK A00802830 05/07/2018 16.80 05/07/2018 Video Compact Disc